000 00445nam a2200181Ia 4500
001 11232
005 20260306161931.0
008 260306t1971||||xx |||||||||||||| ||spa||
041 _aESP
082 _a985.019
_bP78
100 _aPorras Barrenechea, Raúl
_eAUT
245 0 _aEl cronista Felipe Huamán Poma de Ayala
260 _c1971
300 _a144 páginas :
_c17 cm.
650 _aGEN
654 _aCHU
942 _cLIB
_dJUS
_fJUS
_2ddc
_n
999 _c11232
_d11232